000 00850nam a2200289Ia 4500
005 20260324125926.0
008 008 260324s9999 xx 000 0 eng d
020 _a9781003444107
037 _aEBOOK
040 _aCRL
040 _beng
040 _cCRL
041 _2eng
041 _aeng
084 _qCRL
100 _aRichard M. Felder; Joni Spurlin; Sarah A. Rajala; Jerome P. Lavelle
_91179853
245 0 _aDesigning Better Engineering Education Through Assessment
245 2 _bA Practical Resource for Faculty and Department Chairs on Using Assessment and ABET Criteria to Improve Student Learning
260 _bTaylor and Francis
260 _c2008
365 _a
365 _b145
856 _uhttp://www.taylorfrancis.com/books/9781003444107
942 _cEBOOK
999 _c1775529
_d1775529